Loading...
| Literature - American | 0 | 4 | 0 | 0 | 40 | 122 | 127.00 | 0 | 4 | 4.35 | 20.00 |
| Mythology | 0 | 4 | 1 | 4 | 35 | 123 | 136.50 | 0 | 4 | 0.00 | 16.67 |
| Literature - British | 0 | 4 | 1 | 0 | 35 | 68 | 107.00 | 1 | 4 | 8.95 | 26.67 |
| Religion | 0 | 3 | 0 | 3 | 30 | 134 | 140.67 | 0 | 3 | -0.07 | 10.00 |
| Philosophy | 0 | 3 | 0 | 0 | 30 | 112 | 119.67 | 0 | 3 | 1.30 | 10.00 |
| Literature - World | 0 | 3 | 1 | 0 | 25 | 124 | 134.67 | 0 | 3 | 1.21 | 10.00 |
| Literature - European | 0 | 2 | 0 | 1 | 20 | 119 | 131.00 | 1 | 2 | 1.37 | 13.33 |
| Science - Physics | 0 | 2 | 0 | 1 | 20 | 124 | 127.00 | 0 | 2 | -0.32 | 6.67 |
| Fine Arts - Other | 0 | 2 | 0 | 1 | 20 | 136 | 137.00 | 0 | 2 | -0.15 | 6.67 |
| Science - Other | 0 | 2 | 0 | 1 | 20 | 111 | 118.00 | 0 | 2 | 0.08 | 10.00 |
| Social Science | 0 | 2 | 1 | 1 | 15 | 111 | 119.50 | 0 | 2 | 0.33 | 6.67 |
| Fine Arts - Painting and Sculpture | 0 | 2 | 1 | 0 | 15 | 123 | 132.00 | 0 | 2 | 1.30 | 10.00 |
| History - European | 0 | 1 | 0 | 1 | 10 | 126 | 126.00 | 0 | 1 | 0.00 | 3.33 |
| History - Other | 0 | 1 | 0 | 1 | 10 | 132 | 132.00 | 0 | 1 | -0.31 | 6.67 |
| Geography | 0 | 1 | 0 | 0 | 10 | 68 | 68.00 | 0 | 1 | 15.90 | 22.22 |
| Other Academic | 0 | 1 | 0 | 1 | 10 | 130 | 130.00 | 0 | 1 | -0.39 | 16.67 |
| History - American | 0 | 1 | 1 | 0 | 5 | 117 | 117.00 | 0 | 1 | -0.17 | 3.33 |
| History - World | 0 | 0 | 0 | 0 | 0 | 0.00 | 0 | 0 | 0.00 | 0.00 | |
| Science - Chemistry | 0 | 0 | 0 | 0 | 0 | 0.00 | 0 | 0 | 0.00 | 0.00 | |
| Fine Arts - Classical Music | 0 | 0 | 1 | 0 | -5 | 0.00 | 0 | 0 | 0.00 | 0.00 | |
| Science - Biology | 0 | 0 | 1 | 0 | -5 | 0.00 | 0 | 0 | 0.00 | 0.00 |